| 000 | 00871nam a2200241Ia 4500 | ||
|---|---|---|---|
| 003 | OSt | ||
| 005 | 20251231145117.0 | ||
| 008 | 220923b |||||||| |||| 00| 0 eng d | ||
| 020 | _a9781780324029 | ||
| 037 | _cGeneral Book | ||
| 040 |
_aRTL _cRTL _beng |
||
| 041 |
_2eng _aeng |
||
| 084 |
_aY:3(S5), Q3 _qRTL |
||
| 245 | 0 |
_aSexual history of the global south: sexual politics in Africa,Asia and Latin America _b |
|
| 260 |
_aLondon _bZed Books _c2013 |
||
| 300 |
_aix,275 p. _bIncludes bibliographical references and index. |
||
| 500 | _aGlossary:p 539-519; Bibliography chapterwise | ||
| 650 |
_aSociology _9860703 |
||
| 700 |
_aWieringa Saskia _9294151 _eEditor |
||
| 700 |
_a Sivori Horacio _eEditor _9860704 |
||
| 942 |
_hY:3(S5), Q3 _cGB _2CC _n0 |
||
| 999 |
_c586359 _d586359 |
||